[Event "ICS rated blitz match"]
[Site "204.178.125.65"]
[Date "2000.12.01"]
[Round "?"]
[White "Hossa"]
[Black "Amateur"]
[Result "0-1"]
[WhiteElo "2454"]
[BlackElo "2622"]
[PlyCount "138"]
[EventDate "2000.??.??"]

1. e4 c6 2. d4 d5 3. Nc3 dxe4 4. Nxe4 Bf5 5. Ng3 Bg6 6. h4 h6 7. Nf3 e6 8. Ne5
Bh7 9. Bd3 Bxd3 10. Qxd3 Nd7 11. Nf3 Ngf6 12. Bd2 Bd6 13. O-O-O Qc7 14. Ne4
Nxe4 15. Qxe4 O-O-O 16. Kb1 Nf6 17. Qe2 Ng4 18. h5 Rhe8 19. Ng5 Nxf2 20. Qxf2
hxg5 21. Bxg5 f6 22. Be3 Bg3 23. Qf3 Rd5 24. c4 Rf5 25. Qg4 Bf4 26. Qg6 Re7 27.
h6 gxh6 28. Bxf4 Qxf4 29. Rxh6 Qe4+ 30. Kc1 Qe3+ 31. Rd2 Rf2 32. Rh8+ Kc7 33.
Qh6 Qe1+ 34. Kc2 Rd7 35. Rxf2 Qxf2+ 36. Qd2 Qxd2+ 37. Kxd2 Rxd4+ 38. Kc3 Rg4
39. Rh2 Kd6 40. b3 e5 41. Kd3 e4+ 42. Ke3 Ke5 43. Kf2 Rg7 44. Rh8 Rd7 45. Rh5+
Kd4 46. g4 e3+ 47. Kf3 Kd3 48. Rh2 Re7 49. Re2 Re4 50. Re1 e2 51. c5 a5 52. a3
Kd2 53. Ra1 e1=Q 54. Rxe1 Rxe1 55. Kg3 a4 56. bxa4 Rc1 57. Kf3 Rxc5 58. Kg3
Rc3+ 59. Kf4 Rxa3 60. g5 Rxa4+ 61. Kf5 fxg5 62. Ke5 g4 63. Kf5 g3 64. Ke6 g2
65. Kd7 g1=Q 66. Ke6 Qg7 67. Kf5 Ra5+ 68. Kf4 Ke2 69. Ke4 Qg4# {
Hossa checkmated} 0-1

[Event "ICS rated bullet match"]
[Site "204.178.125.65"]
[Date "2000.12.01"]
[Round "?"]
[White "Hossa"]
[Black "Korak"]
[Result "1-0"]
[WhiteElo "2681"]
[BlackElo "2165"]
[PlyCount "43"]
[EventDate "2000.??.??"]

1. e4 c6 2. Qe2 d6 3. Nf3 e5 4. d4 Be7 5. Qd3 exd4 6. Nxd4 Nf6 7. Be2 O-O 8.
Nc3 Nbd7 9. Qg3 Nc5 10. Bh6 Ne8 11. Bf4 Bf6 12. O-O-O g6 13. Bc4 Bg7 14. h4 h5
15. f3 Nf6 16. Bxd6 Ne8 17. Bxc5 Qc7 18. Qxg6 Qe5 19. Bxf8 Qf4+ 20. Kb1 Kxf8
21. Qxh5 Nf6 22. Qxf7# {Korak checkmated} 1-0

[Event "ICS rated bullet match"]
[Site "204.178.125.65"]
[Date "2000.12.01"]
[Round "?"]
[White "Korak"]
[Black "Hossa"]
[Result "0-1"]
[WhiteElo "2163"]
[BlackElo "2683"]
[PlyCount "94"]
[EventDate "2000.??.??"]

1. c3 c5 2. d4 cxd4 3. cxd4 Nf6 4. Nc3 d5 5. g3 Nc6 6. Bg2 Bf5 7. Nf3 e6 8. a3
Bd6 9. O-O a6 10. Re1 h6 11. b4 b6 12. Bb2 b5 13. Rc1 Rc8 14. e3 O-O 15. Re2
Qd7 16. Ne1 Bg6 17. Nd3 Bh5 18. f3 Qa7 19. Nc5 Rc7 20. Kh1 Rd8 21. Re1 Bg6 22.
Qd2 Bf5 23. e4 dxe4 24. fxe4 Bxc5 25. bxc5 Rxd4 26. Qf2 Ng4 27. Qe2 Qxc5 28.
exf5 Qxf5 29. Rf1 Qh5 30. Bf3 Qxh2+ 31. Qxh2 Nxh2 32. Kxh2 Rd2+ 33. Kh3 Rxb2
34. Ne4 Rb3 35. Rxc6 Rxc6 36. Nf6+ gxf6 37. Bxc6 Rxa3 38. Be4 f5 39. Bc6 Rc3
40. Bb7 a5 41. Ra1 f4 42. Kg4 fxg3 43. Rg1 f5+ 44. Kf4 Kf8 45. Ke5 Ke7 46. Ba6
Rc4 47. Rg2 Re4# {Korak checkmated} 0-1

[Event "ICS rated bullet match"]
[Site "204.178.125.65"]
[Date "2000.12.01"]
[Round "?"]
[White "Hossa"]
[Black "Korak"]
[Result "1-0"]
[WhiteElo "2685"]
[BlackElo "2161"]
[PlyCount "77"]
[EventDate "2000.??.??"]

1. e4 b6 2. d4 Bb7 3. Nc3 e6 4. Bd3 Bb4 5. Nf3 Nf6 6. e5 Ne4 7. Bxe4 Bxe4 8.
O-O Bb7 9. a3 Be7 10. d5 exd5 11. Nxd5 O-O 12. Nxe7+ Qxe7 13. Bg5 Qe6 14. Re1
Qg6 15. Be7 Re8 16. Bh4 Nc6 17. Bg3 Rad8 18. Nh4 Qe6 19. Re3 Ne7 20. Qe2 Nf5
21. Nxf5 Qxf5 22. Qc4 c5 23. Rd1 Re6 24. Red3 Rg6 25. Qa4 Bc6 26. Qxa7 h5 27.
Qxb6 Re8 28. h4 Rg4 29. Qxc5 Qg6 30. b3 Be4 31. Rxd7 Rxg3 32. fxg3 Qxg3 33. Qf2
Qg4 34. Qxf7+ Kh8 35. Qxe8+ Kh7 36. Rxg7+ Kxg7 37. Rd7+ Kh6 38. Qf8+ Qg7 39.
Qxg7# {Korak checkmated} 1-0

[Event "ICS rated bullet match"]
[Site "204.178.125.65"]
[Date "2000.12.01"]
[Round "?"]
[White "Korak"]
[Black "Hossa"]
[Result "0-1"]
[WhiteElo "2160"]
[BlackElo "2686"]
[PlyCount "80"]
[EventDate "2000.??.??"]

1. g3 Nf6 2. Bg2 d5 3. d3 e5 4. Nf3 Nc6 5. O-O Be7 6. b3 O-O 7. Bb2 Bd6 8. c4
d4 9. Nfd2 Bf5 10. Na3 Qd7 11. Nc2 Bh3 12. a3 Bxg2 13. Kxg2 a5 14. f3 Bc5 15.
Ne4 Nxe4 16. dxe4 f5 17. exf5 Rxf5 18. Ne1 Qf7 19. Nd3 Ba7 20. Nf2 Rd8 21. Ne4
Rf8 22. Qd3 Qh5 23. Rad1 R5f7 24. h3 Qf5 25. g4 Qg6 26. Bc1 Rd7 27. h4 Nb8 28.
h5 Qe6 29. b4 axb4 30. axb4 Nc6 31. b5 Na5 32. Qd2 Nxc4 33. Qg5 Qd5 34. h6 Qxb5
35. hxg7 Rxg7 36. Qh4 Rgf7 37. Rh1 Nb6 38. Ng5 Qxe2+ 39. Kg3 Rxf3+ 40. Nxf3
Rxf3# {Korak checkmated} 0-1

[Event "ICS rated bullet match"]
[Site "204.178.125.65"]
[Date "2000.12.01"]
[Round "?"]
[White "Korak"]
[Black "Hossa"]
[Result "1-0"]
[WhiteElo "2158"]
[BlackElo "2688"]
[PlyCount "85"]
[EventDate "2000.??.??"]

1. e4 e6 2. Nf3 d5 3. e5 c5 4. d4 cxd4 5. Nxd4 Nc6 6. Nxc6 bxc6 7. Be2 Qh4 8.
O-O Qe4 9. Re1 Qxe5 10. c4 Bd6 11. g3 Qf6 12. Nc3 Be5 13. cxd5 Bxc3 14. bxc3
cxd5 15. Bb5+ Bd7 16. Qa4 Rd8 17. Bf4 Qxc3 18. Rac1 Qf3 19. Bc7 Bxb5 20. Qxb5+
Rd7 21. Bd6 Ne7 22. Rc7 O-O 23. Rxd7 Qc3 24. Rf1 Nc8 25. Bxf8 Kxf8 26. Qb7 Nd6
27. Qb8+ Ne8 28. Rd8 Qc6 29. Rxe8+ Qxe8 30. Qxe8+ Kxe8 31. Rb1 Ke7 32. Rb7+ Ke8
33. Rxa7 h5 34. Rb7 g5 35. a4 d4 36. a5 d3 37. Rb1 f5 38. a6 Ke7 39. a7 e5 40.
a8=Q e4 41. Qc6 Kd8 42. Rb7 d2 43. Qd7# {Hossa checkmated} 1-0

[Event "ICS rated bullet match"]
[Site "204.178.125.65"]
[Date "2000.12.01"]
[Round "?"]
[White "Hossa"]
[Black "ChesterX"]
[Result "0-1"]
[WhiteElo "2657"]
[BlackElo "2440"]
[PlyCount "84"]
[EventDate "2000.??.??"]

1. e4 Nf6 2. e5 Nd5 3. d4 d6 4. Nf3 g6 5. Be2 Bg7 6. c4 Nb6 7. exd6 cxd6 8. h3
O-O 9. Nc3 Nc6 10. Be3 Bf5 11. Rc1 d5 12. c5 Nc4 13. Bxc4 dxc4 14. d5 Nb4 15.
O-O Bd3 16. c6 bxc6 17. dxc6 Bxf1 18. Qxf1 Nd3 19. Rb1 Qd6 20. Bg5 h6 21. Bh4
Rfe8 22. Qe2 Qxc6 23. Bg3 e5 24. Rd1 e4 25. Ne1 Bxc3 26. bxc3 Qf6 27. Qd2 Rad8
28. Qxh6 Qxc3 29. Bh4 Rd6 30. Bg3 Nxf2 31. Bxd6 Nxd1 32. Kh2 Qxe1 33. Qc1 c3
34. Bb4 e3 35. Qa3 e2 36. Qa4 Re3 37. Bd6 Nf2 38. Qe8+ Rxe8 39. Kg3 Ne4+ 40.
Kh2 Qf2 41. a4 e1=Q 42. Bc7 Qeg1# {Hossa checkmated} 0-1

[Event "ICS rated bullet match"]
[Site "204.178.125.65"]
[Date "2000.12.01"]
[Round "?"]
[White "ChesterX"]
[Black "Hossa"]
[Result "0-1"]
[WhiteElo "2465"]
[BlackElo "2632"]
[PlyCount "138"]
[EventDate "2000.??.??"]

1. e4 Nf6 2. e5 Nd5 3. d4 d6 4. Nf3 g6 5. Bc4 Nb6 6. Bb3 a5 7. c4 a4 8. Bc2 Bg7
9. Nbd2 dxe5 10. dxe5 Ra5 11. Be4 O-O 12. Qe2 Bxe5 13. Bxg6 Bg7 14. Bd3 Nc6 15.
a3 Nd4 16. Nxd4 Re5 17. Ne4 Qxd4 18. Bf4 Nxc4 19. Bxe5 Nxe5 20. Bb5 Bf5 21. Nc3
c6 22. Rd1 Qf4 23. Bxa4 Bg4 24. f3 Bxf3 25. gxf3 Nxf3+ 26. Kf1 b5 27. Bxb5 Bxc3
28. bxc3 cxb5 29. Kg2 Nh4+ 30. Kh3 Ng6 31. Rhg1 Qf5+ 32. Qg4 Qc5 33. Qb4 Qh5+
34. Kg3 Qe5+ 35. Kf3 Rc8 36. Rc1 Rc4 37. Qxc4 bxc4 38. Rh1 Qa5 39. Rhg1 Qxa3
40. Kg4 Qd6 41. Kh3 Kf8 42. Kg2 Nf4+ 43. Kf3 Qf6 44. Rcf1 Nh3+ 45. Kg2 Qe6 46.
Rf3 Nxg1 47. Kxg1 Qe1+ 48. Kg2 Kg7 49. Kh3 h5 50. Rg3+ Kf6 51. Rf3+ Ke6 52. Rg3
Qd2 53. Rf3 Qe2 54. Rg3 Kf6 55. Rg8 Qf1+ 56. Kh4 Qf2+ 57. Kh3 Qf5+ 58. Kg3 Qd3+
59. Kf2 Qxc3 60. Rd8 Qb2+ 61. Kg3 c3 62. Rc8 c2 63. Rxc2 Qxc2 64. h4 Qd3+ 65.
Kf2 Qd2+ 66. Kf1 Ke5 67. Kg1 Kf4 68. Kf1 Kg3 69. Kg1 Qg2# {ChesterX checkmated}
0-1

[Event "ICS rated bullet match"]
[Site "204.178.125.65"]
[Date "2000.12.01"]
[Round "?"]
[White "Hossa"]
[Black "ChesterX"]
[Result "0-1"]
[WhiteElo "2641"]
[BlackElo "2456"]
[PlyCount "162"]
[EventDate "2000.??.??"]

1. d4 g6 2. e4 d6 3. Bd3 Nf6 4. e5 dxe5 5. dxe5 Ng4 6. f4 Nc6 7. Nf3 Bf5 8. h3
Nh6 9. O-O Bxd3 10. cxd3 Qd7 11. Nc3 O-O-O 12. Qa4 Nf5 13. Ne4 Qxd3 14. Nf2 Qd7
15. Rd1 Qe8 16. Rxd8+ Qxd8 17. Ng5 Qe8 18. e6 fxe6 19. Nxe6 Qd7 20. Qc4 Nfd4
21. Nc5 Qf5 22. g4 Qf6 23. Nce4 Qg7 24. Ng5 h5 25. Be3 hxg4 26. Nxg4 a5 27. Rd1
e5 28. fxe5 Be7 29. Rxd4 Bxg5 30. Bxg5 Nxd4 31. Qxd4 Qd7 32. Qxd7+ Kxd7 33. Kg2
Ke6 34. Bf6 Rh7 35. Nf2 Rd7 36. Ne4 Rd1 37. Kf3 Kf5 38. Ng3+ Ke6 39. b3 a4 40.
Ne2 Ra1 41. Nf4+ Kf5 42. Nd5 Rxa2 43. bxa4 Ra3+ 44. Kg2 c5 45. Ne7+ Ke6 46.
Nxg6 c4 47. Nf4+ Kf5 48. Nd5 c3 49. Be7 Ra2+ 50. Kf3 c2 51. Ne3+ Kxe5 52. Ng4+
Ke6 53. Bg5 Rxa4 54. Nf2 Kf5 55. Bc1 b5 56. Nd3 Re4 57. Be3 Rh4 58. Nf4 b4 59.
Kg3 b3 60. Kxh4 b2 61. Ne2 b1=Q 62. Nc1 Qb4+ 63. Kg3 Qe1+ 64. Kf3 Qf1+ 65. Kg3
Ke4 66. Bg5 Qf3+ 67. Kh4 Qf5 68. Bh6 Kf3 69. Bd2 Kg2 70. Bh6 Qxh3+ 71. Kg5 Qe6
72. Kh5 Qf5+ 73. Bg5 Kf3 74. Kh6 Kg4 75. Bd2 Qe6+ 76. Kg7 Qd7+ 77. Kf8 Qxd2 78.
Na2 Qd7 79. Nc1 Kf5 80. Kg8 Kf6 81. Ne2 Qg7# {Hossa checkmated} 0-1

[Event "ICS rated bullet match"]
[Site "204.178.125.65"]
[Date "2000.12.01"]
[Round "?"]
[White "ChesterX"]
[Black "Hossa"]
[Result "1-0"]
[WhiteElo "2480"]
[BlackElo "2617"]
[PlyCount "67"]
[EventDate "2000.??.??"]

1. e4 Nf6 2. e5 Nd5 3. d4 d6 4. c4 Nb6 5. f4 Bf5 6. Nc3 dxe5 7. fxe5 Nc6 8. Be3
Nb4 9. Rc1 e6 10. Nf3 Be7 11. Be2 Qd7 12. O-O O-O-O 13. a3 Nc6 14. b4 Bg4 15.
b5 Na5 16. c5 Nbc4 17. c6 bxc6 18. bxc6 Qxc6 19. Bf2 Bxa3 20. Rb1 f5 21. Nb5
Bc5 22. dxc5 Qxb5 23. Rxb5 Rxd1 24. Rxd1 c6 25. Rb4 Bxf3 26. gxf3 Kc7 27. Bxc4
Nxc4 28. Rxc4 a5 29. Be1 Ra8 30. Rcd4 Kb7 31. Rd7+ Ka6 32. Rb1 Rb8 33. Rxb8 g5
34. Rb6# {Hossa checkmated} 1-0

[Event "ICS rated bullet match"]
[Site "204.178.125.65"]
[Date "2000.12.01"]
[Round "?"]
[White "Hossa"]
[Black "Laslo"]
[Result "1-0"]
[WhiteElo "2595"]
[BlackElo "1947"]
[PlyCount "27"]
[EventDate "2000.??.??"]

1. e4 e6 2. Nf3 d6 3. d4 Nf6 4. Bd3 Be7 5. O-O O-O 6. Na3 Nc6 7. c3 a6 8. Bf4
b5 9. c4 bxc4 10. Nxc4 Rb8 11. Qe2 Nxd4 12. Nxd4 e5 13. Nc6 Qd7 14. Nxb8 {
Laslo resigns} 1-0

[Event "ICS rated blitz match"]
[Site "204.178.125.65"]
[Date "2000.12.01"]
[Round "?"]
[White "chesskeats"]
[Black "Hossa"]
[Result "0-1"]
[WhiteElo "2015"]
[BlackElo "2445"]
[PlyCount "104"]
[EventDate "2000.??.??"]

1. Nf3 Nf6 2. g3 d5 3. Bg2 c5 4. O-O Nc6 5. d3 e5 6. Nbd2 Bd6 7. e4 dxe4 8.
dxe4 O-O 9. c3 b5 10. Qc2 Qb6 11. Re1 Rd8 12. Nf1 Qb7 13. Bg5 Be7 14. Ne3 Ng4
15. Nd5 Bxg5 16. Nxg5 f6 17. Nf3 Be6 18. Rad1 Ne7 19. Nxe7+ Qxe7 20. b3 c4 21.
Rxd8+ Rxd8 22. Rd1 Rxd1+ 23. Qxd1 Qc7 24. b4 Nh6 25. a4 Nf7 26. axb5 Nd6 27.
Nh4 Nxb5 28. Qd2 Qd7 29. Qxd7 Bxd7 30. Nf5 Nxc3 31. Bf1 Nxe4 32. Bxc4+ Kf8 33.
Ne3 Nc3 34. Nd5 Nxd5 35. Bxd5 f5 36. Kf1 Ke7 37. Ke1 Be6 38. Bb7 Kd6 39. Kd2
Bd5 40. Ba6 Ke6 41. Kc3 Bf3 42. Bc8+ Kf6 43. Kc4 Bc6 44. Kc5 Ba4 45. Kd6 Bc2
46. Kc7 Kg5 47. h3 f4 48. h4+ Kh5 49. Kb7 fxg3 50. fxg3 e4 51. Kxa7 e3 52. Ba6
Bd1 {chesskeats resigns} 0-1

[Event "ICS rated bullet match"]
[Site "204.178.125.65"]
[Date "2000.12.01"]
[Round "?"]
[White "Hossa"]
[Black "Kupnu4"]
[Result "1-0"]
[WhiteElo "2602"]
[BlackElo "2267"]
[PlyCount "95"]
[EventDate "2000.??.??"]

1. e4 e6 2. Nf3 d6 3. d4 Bd7 4. Bd3 Be7 5. O-O g6 6. b4 b6 7. b5 h6 8. e5 c6 9.
a4 d5 10. Bf4 c5 11. dxc5 bxc5 12. c3 c4 13. Bc2 Qc8 14. Be3 h5 15. Qd2 Bf8 16.
b6 axb6 17. Bxb6 Bc5 18. Bxc5 Qxc5 19. Qf4 Nh6 20. Qf6 Rg8 21. Ng5 Rf8 22. Nh7
Rg8 23. h3 Nf5 24. Qg5 Rf8 25. Nxf8 Qxf8 26. Qf6 Qe7 27. Qh8+ Qf8 28. Qxf8+
Kxf8 29. Nd2 Ke7 30. Nf3 Nc6 31. g3 Ra5 32. Bxf5 gxf5 33. Rfb1 Ra8 34. Rb7 Ra7
35. Rxa7 Nxa7 36. Rb1 Nc6 37. Rb7 Na5 38. Rc7 Kd8 39. Ra7 Nb3 40. a5 Kc8 41. a6
Nc5 42. Ra8+ Kc7 43. Ng5 Ne4 44. Nxe4 fxe4 45. Ra7+ Kb6 46. Rxd7 d4 47. a7 Ka6
48. a8=Q+ {Kupnu4 resigns} 1-0

[Event "ICS rated blitz match"]
[Site "204.178.125.65"]
[Date "2000.12.01"]
[Round "?"]
[White "Hossa"]
[Black "IgorIvanov"]
[Result "1-0"]
[WhiteElo "2447"]
[BlackElo "2265"]
[PlyCount "91"]
[EventDate "2000.??.??"]

1. e4 e5 2. Nf3 Nc6 3. Bb5 Nf6 4. O-O Nxe4 5. d4 Nd6 6. Bxc6 dxc6 7. dxe5 Nf5
8. Qxd8+ Kxd8 9. Nc3 Bd7 10. Rd1 Kc8 11. Ng5 Be8 12. Bf4 h6 13. Nge4 Be7 14.
Rd3 Bd7 15. Rad1 Be6 16. b3 b6 17. Ne2 c5 18. c4 Kb7 19. N4c3 Rad8 20. Nd5 Bg5
21. Bxg5 hxg5 22. Ndc3 Rxd3 23. Rxd3 f6 24. exf6 gxf6 25. Ne4 Rh6 26. Rd8 Ng7
27. Rf8 Nh5 28. N2g3 Nxg3 29. fxg3 g4 30. Rxf6 Rxf6 31. Nxf6 Kc6 32. Ne4 b5 33.
Nd2 a5 34. Kf2 a4 35. Ke3 a3 36. Ke4 b4 37. Nf1 Kd6 38. Kf4 Bxc4 39. bxc4 b3
40. Nd2 bxa2 41. Nb3 Kc6 42. Kxg4 Kb6 43. h4 a1=Q 44. Nxa1 Ka5 45. h5 a2 46. h6
{IgorIvanov resigns} 1-0

[Event "ICS rated bullet match"]
[Site "204.178.125.65"]
[Date "2000.12.01"]
[Round "?"]
[White "WoodEater"]
[Black "Hossa"]
[Result "0-1"]
[WhiteElo "2066"]
[BlackElo "2606"]
[Annotator "Nimzo 8 (30s)"]
[PlyCount "40"]
[EventDate "2000.??.??"]

{B30: Sizilianisch (Rossolimo-Variante)} 1. e4 c5 2. Nf3 Nc6 3. d3 Nf6 4. Nbd2
d5 5. g3 e5 6. Bg2 dxe4 7. dxe4 Bd6 {letzter Buchzug} 8. O-O O-O 9. c3 {
Kontrolliert b4+d4} 9... Bg4 (9... Be6 10. Qe2 $15) 10. Nc4 $11 {
Weiss droht stark Dxd6} 10... Bc7 11. Re1 (11. Qe2 $5 $11) 11... Qxd1 $15 12.
Rxd1 Nxe4 (12... Be6 13. Nfd2 $15) 13. Re1 $15 f5 14. h3 (14. Nh4 $142 $5 {
kam sehr in Betracht} 14... Bh5 15. f3 $11) 14... Bh5 $17 15. Nfd2 Nxd2 16.
Nxd2 e4 17. Nf1 (17. g4 fxg4 18. hxg4 e3 19. fxe3 Bxg4 20. Bd5+ Kh8 $17) 17...
Ne5 18. Bf4 Rad8 (18... Rae8 $142 $19) 19. Rad1 $4 {vergroessert seine Probleme
} (19. Bxe5 $142 Bxe5 20. f3 $17) 19... Rxd1 20. Rxd1 Bxd1 (20... Bxd1 21. Ne3
Be2 $19) 0-1

[Event "ICS rated bullet match"]
[Site "204.178.125.65"]
[Date "2000.12.01"]
[Round "?"]
[White "Hossa"]
[Black "WoodEater"]
[Result "1-0"]
[WhiteElo "2607"]
[BlackElo "2065"]
[Annotator "Nimzo 8 (30s)"]
[PlyCount "39"]
[EventDate "2000.??.??"]

{D70: Gruenfeld-Verteidigung (Abweichung im 3. Zug)} 1. d4 Nf6 2. e3 g6 3. Nf3
d5 4. c4 c6 5. cxd5 cxd5 {letzter Buchzug.} 6. Qa4+ {
Nun erhaelt die Partie Schaerfe} 6... Bd7 7. Qb3 Bc6 (7... Nc6 8. Bd2 $11) 8.
Ne5 (8. Bb5 Bg7 $14) 8... Qc7 (8... Nbd7 9. Nxd7 Nxd7 10. Nc3 $11) 9. Nc3 $14
Bg7 10. Nxc6 (10. Bd2 $5 $14 {ist interessant}) 10... Nxc6 $11 11. Nxd5 Nxd5
12. Qxd5 O-O {Schwarz plant Sb4} 13. Qc4 Qa5+ (13... Rac8 $5 $11) 14. Bd2 $14
Qb6 15. Qb5 e5 $2 (15... Qc7 $142 {geht wohl noch} 16. Bd3 Rfd8 $14) 16. Qxb6
$18 axb6 17. d5 Ne7 18. Bb4 Rfe8 19. e4 f5 (19... Nc8 20. O-O-O $18) 20. Bb5 (
20. Bb5 fxe4 21. Rd1 $18) 1-0

[Event "ICS rated blitz match"]
[Site "204.178.125.65"]
[Date "2000.12.01"]
[Round "?"]
[White "huszar"]
[Black "Hossa"]
[Result "0-1"]
[WhiteElo "2015"]
[BlackElo "2455"]
[Annotator "Nimzo 8 (30s)"]
[PlyCount "40"]
[EventDate "2000.??.??"]

{A15: Englisch gegen Koenigs-Fianchetto} 1. c4 Nf6 2. f4 {letzter Buchzug} 2...
e6 3. Nf3 Nc6 (3... Bb4 $5 $17) 4. e3 $11 d5 5. b3 d4 6. Bb2 dxe3 7. dxe3 Qxd1+
8. Kxd1 Bc5 9. Nd4 (9. Ke2 O-O $11) 9... Bd7 $15 10. Be2 O-O-O 11. Nd2 $2 (11.
Nc2 $142 $5 $15 {damit waere Weiss im Spiel geblieben}) 11... Be8 $19 {
Droht Sxd4} 12. N2f3 Ng4 13. Kd2 Ne7 (13... Bb4+ 14. Kc1 Nxe3 15. g3 Nxd4 16.
Bxd4 Ba3+ 17. Bb2 Bxb2+ 18. Kxb2 $19) 14. h3 $2 (14. a3 $142 $5 {
sieht noch spielbar aus} 14... Bb6 15. Nh4 $15) 14... Bb4+ $19 15. Kd3 (15. Kc1
Nxe3 16. Rg1 Bc5 $19) 15... Nf2+ 16. Kc2 Nxh1 17. Rxh1 c5 18. Nb5 Bxb5 19. cxb5
Nf5 20. e4 $4 {Weiss verkuerzt seine Leiden} (20. a3 Ba5 21. Rc1 $19) 20... Ng3
(20... Ng3 21. a3 Ba5 $19) 0-1

[Event "ICS rated blitz match"]
[Site "204.178.125.65"]
[Date "2000.12.01"]
[Round "?"]
[White "Hossa"]
[Black "huszar"]
[Result "1-0"]
[WhiteElo "2457"]
[BlackElo "2013"]
[Annotator "Nimzo 8 (30s)"]
[PlyCount "93"]
[EventDate "2000.??.??"]

{B20: Sizilianisch} 1. e4 c5 2. Bc4 e6 3. Nc3 a6 {letzter Buchzug} 4. Nf3 b5 5.
Be2 Bb7 6. d3 Nf6 7. Bf4 (7. e5 b4 8. exf6 bxc3 9. bxc3 Qxf6 $14) 7... d6 $11 {
Es geht um e5} 8. O-O Be7 {Schwarz hat Entwicklungsnachteil.} 9. e5 Nd5 (9...
dxe5 $5 {muss beachtet werden} 10. Nxe5 Nbd7 $15) 10. Nxd5 $14 exd5 11. Re1 O-O
12. d4 Nc6 13. exd6 Bxd6 14. Bxd6 Qxd6 15. dxc5 Qxc5 16. Bd3 d4 (16... Rfe8 $5
$11 {lohnt die Pruefung}) 17. Qd2 $16 Rae8 18. Qf4 Nb4 19. Rxe8 Rxe8 20. Qxd4 (
20. Ng5 f6 21. Bxh7+ Kf8 $16) 20... Qxd4 (20... Nxd3 $5 21. cxd3 Qc8 $14) 21.
Nxd4 $14 Nxd3 22. cxd3 Rd8 23. Nb3 Rd5 (23... Bd5 24. Nc5 a5 25. Re1 $16) 24.
Rc1 $18 Rd7 (24... Rd8 25. Nc5 Bc8 26. Kf1 $18) 25. Nc5 Rc7 26. Re1 g6 (26...
f6 27. Nxb7 Rxb7 28. f3 $18) 27. d4 Bc8 28. f3 Kg7 29. Kf2 Rc6 30. Ke3 a5 31.
b3 (31. Rc1 h6 $18) 31... h5 32. Kf4 (32. Rc1 Bf5 $18) 32... Rd6 (32... g5+ 33.
Ke5 $18) 33. Re8 {Mit der Idee Ke5} 33... Bf5 (33... Rxd4+ $4 {vergiftet...}
34. Ke3 Rh4 35. Rxc8 Rxh2 36. Kf2 $18) 34. Ke3 Bb1 (34... Rb6 35. Ra8 a4 36.
bxa4 bxa4 37. Nxa4 Re6+ 38. Kd2 $18) 35. Ra8 a4 36. bxa4 bxa4 37. Rxa4 Rb6 38.
a3 Rb2 (38... Rb8 $18 {verlaengert das Leiden}) 39. Rb4 Rxg2 40. Rxb1 Rxh2 41.
Ra1 Rb2 (41... Rc2 {aendert nichts mehr} 42. a4 Rc3+ 43. Nd3 $18) 42. a4 h4 43.
a5 h3 44. a6 Rb8 (44... h2 {bietet noch letzte Rettungschancen} 45. a7 h1=Q 46.
Rxh1 Ra2 $18) 45. a7 Ra8 46. Kf2 Kf6 (46... h2 {nuetzt auch nichts mehr} 47.
Kg2 Rh8 48. Nd7 h1=Q+ 49. Rxh1 $18) 47. Nd7+ (47. Nd7+ Ke6 48. Nb6 $18) 1-0

[Event "ICS rated blitz match"]
[Site "204.178.125.65"]
[Date "2000.12.01"]
[Round "?"]
[White "huszar"]
[Black "Hossa"]
[Result "0-1"]
[WhiteElo "2011"]
[BlackElo "2459"]
[PlyCount "68"]
[EventDate "2000.??.??"]

1. c4 Nf6 2. f4 e6 3. Nf3 Nc6 4. b3 d5 5. Bb2 d4 6. g3 Bc5 7. Bg2 O-O 8. d3 Ng4
9. Bc1 Bb4+ 10. Kf1 Qf6 11. a3 Bc5 12. b4 Bd6 13. c5 Be7 14. h3 Ne3+ 15. Bxe3
dxe3 16. Ra2 a5 17. b5 Nd4 18. c6 Nxb5 19. Ne5 b6 20. Bf3 Nd4 21. Kg2 Nxf3 22.
Kxf3 Bc5 23. d4 Rd8 24. dxc5 Rxd1 25. Rxd1 bxc5 26. Nc3 Qe7 27. Rd3 f6 28. Nd7
Ra6 29. Rb2 c4 30. Rd4 Qxa3 31. Rb8 Qxc3 32. Rxc8+ Kf7 33. Rd1 Rxc6 34. Nf8 Qd2
{huszar resigns} 0-1

[Event "ICS rated blitz match"]
[Site "204.178.125.65"]
[Date "2000.12.01"]
[Round "?"]
[White "Hossa"]
[Black "huszar"]
[Result "1-0"]
[WhiteElo "2461"]
[BlackElo "2009"]
[PlyCount "25"]
[EventDate "2000.??.??"]

1. e4 c5 2. Nc3 Nc6 3. f4 f5 4. exf5 Nf6 5. g4 Qc7 6. Nh3 d5 7. g5 Bxf5 8. gxf6
Bxh3 9. fxg7 Bxg7 10. Qh5+ Kd8 11. Nxd5 Qd6 12. Bxh3 e5 13. Qg5+ {
huszar resigns} 1-0

[Event "ICS rated blitz match"]
[Site "204.178.125.65"]
[Date "2000.12.01"]
[Round "?"]
[White "PostModernist"]
[Black "Hossa"]
[Result "1-0"]
[WhiteElo "2579"]
[BlackElo "2463"]
[Annotator "Nimzo 8 (30s)"]
[PlyCount "73"]
[EventDate "2000.??.??"]

{B22: Sizilianisch (Alapin 2.c3)} 1. e4 c5 2. c3 d6 3. d4 Nf6 4. Bd3 Nc6 5. Nf3
e6 {letzter Buchzug} 6. O-O Be7 7. Re1 cxd4 8. cxd4 Bd7 9. d5 {
Weiss will den Gegner einengen} 9... Nb4 10. dxe6 fxe6 11. e5 dxe5 12. Nxe5
Nxd3 13. Qxd3 Bc8 (13... O-O 14. Nc3 $16) 14. Qb5+ $16 Nd7 15. Nxd7 Qxd7 16.
Qh5+ g6 17. Qf3 Qb5 (17... Qc6 18. Qb3 $16) 18. Bh6 Qxb2 19. Nc3 Qb6 (19... Qc2
20. Nd5 Qc5 21. Nxe7 Qxe7 22. Rac1 $18) 20. Ne4 {Weiss droht Tab1} 20... Qb2 (
20... Rg8 $142 $18) 21. Rad1 {Weiss plant Te2} 21... Rg8 (21... a6 {
verlaengert das Leiden} 22. Re2 Qa3 $18) 22. Nd6+ Bxd6 23. Rxd6 Ke7 (23... Qb4
{ist ein letzter Strohhalm} 24. Red1 Qh4 25. Rd8+ Qxd8 26. Rxd8+ Kxd8 $18) 24.
Qd5 Qf6 25. Qc5 Kf7 26. Bg5 Re8 27. Bxf6 Kxf6 28. Qe5+ Kf7 {Droht h5} 29. Rc1
Re7 (29... Bd7 {macht keinen grossen Unterschied} 30. Rxd7+ Re7 31. Rxe7+ Kxe7
32. Rc7+ Kd8 33. Qd6+ Ke8 34. Qe7#) 30. Rd8 g5 (30... b5 {hilft auch nicht mehr
} 31. Qf4+ Kg7 32. Qf8#) 31. Qxg5 (31. Rc3 Rc7 32. Rf3+ Kg6 33. Rg8+ Rg7 34.
Qe4+ Kh6 35. Rh3#) 31... e5 {Weiss darf Schwarz nun nicht zu Le6 kommen lassen}
32. Qg8+ Kf6 {Weiss darf nun die Drohung Le6 nicht uebersehen} 33. Rf8+ Rf7 {
Schwarz droht, mit Le6 kontern} 34. Qxf7+ Kg5 35. Rg8+ Kh6 36. Qf6+ (36. Qg7+ {
waere gleichermassen fruchtlos} 36... Kh5 37. Qg5#) 36... Kh5 37. Qg5# 1-0

[Event "ICS rated blitz match"]
[Site "204.178.125.65"]
[Date "2000.12.01"]
[Round "?"]
[White "Hossa"]
[Black "huszar"]
[Result "1-0"]
[WhiteElo "2452"]
[BlackElo "2030"]
[PlyCount "43"]
[EventDate "2000.??.??"]

1. e4 c5 2. c3 b6 3. d4 Bb7 4. e5 d6 5. Bb5+ Bc6 6. Bxc6+ Nxc6 7. Qa4 Qd7 8.
exd6 exd6 9. Nf3 Nf6 10. Bg5 Be7 11. O-O O-O 12. Re1 Rfe8 13. Nbd2 h6 14. Bxf6
Bxf6 15. Ne4 Be7 16. Rad1 Bf8 17. dxc5 bxc5 18. Nxc5 Rxe1+ 19. Nxe1 Qe8 20. Nb3
Qe2 21. Nc1 Qe6 22. Qxc6 {huszar resigns} 1-0

[Event "ICS rated blitz match"]
[Site "204.178.125.65"]
[Date "2000.12.01"]
[Round "?"]
[White "Hossa"]
[Black "PostModernist"]
[Result "0-1"]
[WhiteElo "2455"]
[BlackElo "2594"]
[PlyCount "104"]
[EventDate "2000.??.??"]

1. e4 Nc6 2. Nf3 f5 3. exf5 d5 4. Bb5 Bxf5 5. Ne5 Qd6 6. d4 Bd7 7. Bxc6 Bxc6 8.
O-O Qe6 9. Nc3 O-O-O 10. Nxc6 Qxc6 11. Bf4 Nf6 12. a4 a6 13. Re1 e6 14. Qe2 Re8
15. Qe3 Bb4 16. f3 Bxc3 17. bxc3 Nd7 18. a5 h6 19. Reb1 g5 20. Bg3 h5 21. Rb4
g4 22. Rab1 gxf3 23. Qxf3 b6 24. axb6 cxb6 25. R4b3 Ref8 26. Qe2 b5 27. Bh4 Rf4
28. g3 Rf5 29. Ra1 e5 30. Rba3 Nb8 31. dxe5 Re8 32. Qd2 Rfxe5 33. Qf2 Re2 34.
Qd4 Rxc2 35. Rf1 Ree2 36. Rf7 Re1+ 37. Rf1 Rxf1+ 38. Kxf1 Qe8 39. Qc5+ Nc6 40.
Qf2 Rxf2+ 41. Kxf2 Qf8+ 42. Bf6 Qxa3 43. Ke2 Qb2+ 44. Kf3 b4 45. Bg7 b3 46. h4
Qd2 47. c4 d4 48. Ke4 b2 49. Kd5 b1=Q 50. Be5 Kd7 51. g4 Qg2+ 52. Kc5 Qb4# {
Hossa checkmated} 0-1